Ciencia e ingeniería de los materiales
Guardat en:
| Autors principals: | , |
|---|---|
| Format: | Llibre |
| Idioma: | espanyol |
| Publicat: |
Ciudad de México
International Thompson
2004
|
| Edició: | 4a. ed |
| Matèries: | |
| Etiquetes: |
Afegir etiqueta
Sense etiquetes, Sigues el primer a etiquetar aquest registre!
|
MARC
| LEADER | 00000cam a2200000 a 4500 | ||
|---|---|---|---|
| 001 | UCK3596 | ||
| 003 | CL-VaPUC | ||
| 008 | 050429e20040000MX |||||||||||||||||spa|d | ||
| 020 | |a 9706863613 | ||
| 082 | 0 | 4 | |a 620.11 |b ASK |2 21 |
| 100 | 0 | |a Askeland, Donald R |e author |9 491715 | |
| 700 | 0 | |a Phulé, Pradeep P |e author |9 491716 | |
| 245 | 1 | 0 | |a Ciencia e ingeniería de los materiales |
| 250 | |a 4a. ed | ||
| 300 | |a 1004 p | ||
| 942 | |c BK | ||
| 945 | |d 20050429 00:00:00 |a cmena | ||
| 260 | |a Ciudad de México |b International Thompson |c 2004 | ||
| 650 | 0 | |a Propiedades mecánicas |9 262507 | |
| 650 | 0 | |a Materiales |9 260800 | |
| 650 | 0 | |a Átomos |9 259583 | |
| 650 | 0 | |a Propiedades físicas |9 342981 | |
| 583 | |a last modification |c 20170623 05:00:28 |k Rodrigo Vera | ||
| 999 | |c 312720 |d 312718 | ||
| 952 | |0 0 |1 0 |4 0 |6 620_110000000000000_ASK_2004 |7 0 |8 R |9 383399 |a BIBMEC |b BIBMEC |d 2019-11-21 |i 4119428 |l 1 |o 620.11 ASK 2004 |p 4119428 |r 2025-03-14 |s 2025-03-13 |w 2019-11-21 |y BK_R |k MEC | ||
| 952 | |0 0 |1 0 |4 0 |6 620_110000000000000_ASK_2004 |7 0 |8 R |9 383400 |a BIBMEC |b BIBMEC |d 2019-11-21 |i 4119436 |l 3 |o 620.11 ASK 2004 |p 4119436 |r 2024-01-19 |s 2023-08-14 |w 2019-11-21 |y BK_R |k MEC | ||
| 952 | |0 0 |1 0 |2 ddc |4 0 |6 620_110000000000000_ASK_2004 |7 0 |8 A |9 383401 |a BIBING |b BIBING |c RES |d 2019-11-21 |i 4320786 |l 1 |m 1 |o 620.11 ASK 2004 |p 4320786 |r 2025-01-20 |s 2024-03-27 |w 2019-11-21 |y BK |k CIC | ||
| 952 | |0 0 |1 0 |4 0 |6 620_110000000000000_ASK_2004 |7 0 |8 R |9 383402 |a BIBMEC |b BIBMEC |d 2019-11-21 |i 439982K |l 4 |o 620.11 ASK 2004 |p 439982K |r 2024-01-19 |s 2023-08-14 |w 2019-11-21 |y BK_R |k MEC | ||
| 952 | |0 0 |1 0 |4 0 |6 620_110000000000000_ASK_2004 |7 0 |8 R |9 383403 |a BIBMEC |b BIBMEC |d 2019-11-21 |i 4507223 |o 620.11 ASK 2004 |p 4507223 |r 2024-01-19 |w 2019-11-21 |y BK_R |k MEC | ||
| 952 | |0 0 |1 0 |2 ddc |4 0 |6 620_110000000000000_ASK_2004 |7 0 |8 A |9 383404 |a BIBING |b BIBING |c RES |d 2019-11-21 |i 4641264 |l 1 |o 620.11 ASK 2004 |p 4641264 |r 2025-01-20 |s 2022-04-04 |w 2019-11-21 |y BK |k CCI | ||
| 952 | |0 0 |1 0 |2 ddc |4 0 |6 620_110000000000000_ASK_2004 |7 0 |8 A |9 383405 |a BIBING |b BIBING |c RES |d 2019-11-21 |i 4744713 |o 620.11 ASK 2004 |p 4744713 |r 2025-01-20 |w 2019-11-21 |y BK |k EIQ | ||
| 952 | |0 0 |1 0 |2 ddc |4 0 |6 620_110000000000000_ASK_2004 |7 0 |8 A |9 383406 |a BIBING |b BIBING |c RES |d 2019-11-21 |i 4745302 |l 1 |o 620.11 ASK 2004 |p 4745302 |r 2025-01-20 |s 2022-04-22 |w 2019-11-21 |y BK |k EIQ | ||
| 952 | |0 0 |1 0 |2 ddc |4 0 |6 620_110000000000000_ASK_2004 |7 0 |8 A |9 383407 |a BIBING |b BIBING |c RES |d 2019-11-21 |i 4745310 |o 620.11 ASK 2004 |p 4745310 |r 2025-01-20 |w 2019-11-21 |y BK |k EIQ | ||
| 952 | |0 0 |1 0 |3 erb |4 0 |6 620_110000000000000_ASK_2004 |7 0 |8 R |9 383408 |a BIBMEC |b BIBMEC |i 5402077 |o 620.11 ASK 2004 |p 5402077 |r 2019-11-21 |w 2019-11-21 |y BK_R |z Catalogado en:20170626 |k MEC | ||